Assaig sobre l'art de navegar per dessota l'aigua / per Narcís Monturiol ; versió catalana de Carles Rahola
Descripción Física:
199 p. ; 22 cm
Otros Autores:
Rahola, Carles
MARC
| LEADER | 00000nam a2200000Ia 4500 | ||
|---|---|---|---|
| 001 | 7677 | ||
| 008 | 160829s1919 xx 000 0 cat d | ||
| 080 | |a C-1-358 | ||
| 100 | |a Monturiol, Narcís | ||
| 245 | |a Assaig sobre l'art de navegar per dessota l'aigua / per Narcís Monturiol ; versió catalana de Carles Rahola | ||
| 260 | |a Barcelona : |b Mancomunitat de Catalunya, Publicacions del Consell de Pedagogia, |c 1919 | ||
| 300 | |a 199 p. ; |c 22 cm | ||
| 650 | |a Ictíneo (Submarí) |9 29552 | ||
| 650 | |a Submarins |9 35842 | ||
| 700 | |a Rahola, Carles |9 35843 | ||
| 710 | 2 | |a Catalunya. |b Mancomunitat |9 53015 | |
| 856 | 4 | |u https://media.diba.cat/diba/fitxers/arxiu/mancomunitat/bib_7677_1919_web.pdf |y Accés lliure | |
| 901 | |a Arxiu | ||
| 942 | |n 1 | ||
| 952 | |0 0 |1 0 |4 0 |6 C1358 |7 1 |9 47097 |a Arxiu |b Arxiu |d 2016-12-01 |l 0 |o C-1-358 |p 7677 |r 2016-12-01 00:00:00 |w 2016-12-01 |y ARXIU | ||
| 999 | |c 50891 |d 50891 | ||